MARC
|
|
|
|
| LEADER |
00000naa2a2200000 4500 |
| 001 |
422324 |
| 005 |
20231101073742.0 |
| 035 |
|
|
|a (RuTPU)RU\TPU\prd\80154
|
| 035 |
|
|
|a RU\TPU\prd\4682
|
| 090 |
|
|
|a 422324
|
| 100 |
|
|
|a 20100409a2002 k y0rusy50 ca
|
| 101 |
0 |
|
|a rus
|
| 102 |
|
|
|a RU
|
| 200 |
1 |
|
|a Возбуждение и ионизация кластеров натрия сильным электромагнитным полем
|f Л. И. Куркина
|
| 225 |
1 |
|
|a Атомные кластеры. Фуллерены
|
| 320 |
|
|
|a Библиогр.: 20 назв.
|
| 461 |
|
1 |
|0 (RuTPU)RU\TPU\prd\409
|x 0367-3294
|t Физика твердого тела
|f Российская академия наук ; Физико-технический институт им. А. Ф. Иоффе
|d 1959-
|
| 463 |
|
1 |
|0 (RuTPU)RU\TPU\prd\80123
|t Т. 44, № 1
|v с. 170-174
|d 2002
|
| 610 |
1 |
|
|a кластеры
|
| 610 |
1 |
|
|a ионизация
|
| 610 |
1 |
|
|a электромагнитное поле
|
| 700 |
|
1 |
|a Куркина
|b Л. И.
|
| 801 |
|
1 |
|a RU
|b 63413507
|c 20020613
|g PSBO
|
| 801 |
|
2 |
|a RU
|b 63413507
|c 20100409
|g PSBO
|
| 942 |
|
|
|c BK
|